00442nam a2200181Ia 4500008004000000041000800040082001000048100002300058245005500081260002200136300001300158650001200171650001000183650001400193650001300207650001500220700002500235210210b1941 xxu||||| |||| 00| 0 eng d aeng a384/3 aBASU (Ananth Nath) aShort studies in economic and commercial geography aCalcuttab-c1941 aviii,531 astudies aShort ageography aeconomic acommercial aBASU (Manindra Nath)